Normal view
MARC view
- علم النفس التربوي
Entry Topical Term
001 - CONTROL NUMBER
- control field: 14985
003 - CONTROL NUMBER IDENTIFIER
- control field: JO-AjAnu
005 - DATE AND TIME OF LATEST TRANSACTION
- control field: 20230606072706.0
008 - FIXED-LENGTH DATA ELEMENTS
- fixed length control field: 230606|| aca||aabn | a|a d
040 ## - CATALOGING SOURCE
- Original cataloging agency: JO-AjAnu
- Transcribing agency: JO-AjAnu
150 ## - HEADING--TOPICAL TERM
- Topical term or geographic name entry element: علم النفس التربوي
670 ## - SOURCE DATA FOUND
- Source citation: Work cat.: (JO-AjAnu)7694: /مزروع،طاهر مترجم/Zehner.K م.مشارك/Ihlefeld.U م.مشارك/Erlebach.E مؤلف, author 14984, علم النفس للمعلم والمربي= Psycho logie fur Lehrer und Erzieher